Ruptura

Detalles Bibliográficos
Formato: eBook
Lenguaje:español
Publicado: Montevideo: Sociedad de Anl̀isis Jurd̕ico, 2011 -
Materias:
Acceso en línea:Acceso restringido

MARC

LEADER 00000nam a22000007a 4500
005 2019102509169.0
007 cr|||| ||||
008 191025c20119999uy ar|w s|||| 0|||b1spa d
035 |a 24108 
040 |a vLex 
090 |c 9972  |d 9972 
245 0 0 |a Ruptura  |h [Recurso electrn̤ico] / 
256 |a Servicio en ln̕ea 
260 |a Montevideo:  |b Sociedad de Anl̀isis Jurd̕ico,  |c 2011 - 
300 |a 1 recurso electrn̤ico 
310 |a Anual 
362 |a Nð 1 (Jun. 2011) - 
506 1 |a Disponible solo en los productos indicados  |d vLex Global  |d vLex Global (Academic Edition, excluding Law Schools)  |d vLex Global (U.S. Academic Edition, Law Schools)  |d vLex Global (U.S. Academic Edition, excluding Law Schools)  |d vLex Global (Academic Edition, Law Schools) 
650 0 4 |a Derecho Constitucional  |z Uruguay 
740 0 |a vLex Revistas (Servicio en ln̕ea) 
856 4 0 |u http://vlex.com/source/ruptura-24108  |z Acceso restringido 
942 |c REV 
999 0 |a Constitutional right